<?xml version="1.0" encoding="UTF-8"?>
<record
    xmlns:xsi="http://www.w3.org/2001/XMLSchema-instance"
    xsi:schemaLocation="http://www.loc.gov/MARC21/slim http://www.loc.gov/standards/marcxml/schema/MARC21slim.xsd"
    xmlns="http://www.loc.gov/MARC21/slim">

  <leader>02544nam a22003137a 4500</leader>
  <controlfield tag="003">OSt</controlfield>
  <controlfield tag="005">20231017182015.0</controlfield>
  <controlfield tag="008">231017b           ||||| |||| 00| 0 spa d</controlfield>
  <datafield tag="040" ind1=" " ind2=" ">
    <subfield code="c">CO-MqBPB</subfield>
  </datafield>
  <datafield tag="041" ind1=" " ind2=" ">
    <subfield code="a">spa</subfield>
  </datafield>
  <datafield tag="082" ind1=" " ind2=" ">
    <subfield code="a">860.326</subfield>
    <subfield code="b">T14l</subfield>
  </datafield>
  <datafield tag="100" ind1=" " ind2=" ">
    <subfield code="a">Talens, Jenaro, </subfield>
    <subfield code="d">1946- </subfield>
  </datafield>
  <datafield tag="245" ind1=" " ind2=" ">
    <subfield code="a">Primer Congreso de poes&#xED;a escrita en Lengua Espa&#xF1;ola /</subfield>
    <subfield code="b">Jenaro Talens</subfield>
  </datafield>
  <datafield tag="260" ind1=" " ind2=" ">
    <subfield code="a">Bogot&#xE1;:</subfield>
    <subfield code="b">Casa de Poes&#xED;a Silva,</subfield>
    <subfield code="c">1996</subfield>
  </datafield>
  <datafield tag="300" ind1=" " ind2=" ">
    <subfield code="a">1 compact disc son.</subfield>
    <subfield code="b">(56 min.) : digital ; </subfield>
    <subfield code="c">12 cm.</subfield>
  </datafield>
  <datafield tag="490" ind1=" " ind2=" ">
    <subfield code="a">Voces para el tiempo</subfield>
  </datafield>
  <datafield tag="500" ind1=" " ind2=" ">
    <subfield code="a">
Lectura realizada el 27 de Marzo de 1996.</subfield>
  </datafield>
  <datafield tag="505" ind1=" " ind2=" ">
    <subfield code="a">
Anuncio / Mar&#xED;a Mercedes Carranza (1:36 min.) ; (Presentaci&#xF3;n) / Juan Manuel Roca (3:30 min.) ; Identidad intercambiable (1:28 min.) ; Reminiscencias (2:06 min.) ; Decir son meras aproximaciones (1:28 min.) ; Flores en el infierno (1:24 min.) ; Fantasma con mon&#xF3;culo (1:30 min.) / Jenaro Talens ; Acaso Goethe (1:57 min.) ; Carta a Julio Cort&#xE1;zar (1:51 min.) ; Magliano en Toscana (1:13 min.) ; Rito (0:53 min.) ; G&#xE9;nesis (1:15 min.) ; El mar en Portugal (1:46 min.) / Martha Canfield ; Pertimento (2:00 min.) ; El paraiso perdido (1:10 min.) ; Entra al sal&#xF3;n (0:50 min.) ; Oh my god (0:50 min.) ; Carta de Arnoa ... al Papa (1:20 min.) ; El jard&#xED;n del verdugo (0:42 min.) ; El jard&#xED;n del verdugo (Versi&#xF3;n corta) (0:42 min.) ; Astronautas (1:34 min.) / Blanca Strepone ; De la injusticia divina (0:55 min.) ; El cuarto (1:27 min.) ; Junto a las blancas s&#xE1;banas (2:14 min.) ; Homenaje a Paul Eluard (1:38 min.) ; El amor incurable (0:45 min.) ; Lectura obligatoria (3:20 min.) / Jos&#xE9; Luis Quesada ; (Introducci&#xF3;n a su lectura) (2:00 min.) ; El caso de la se&#xF1;ora (2:20 min.) ; La doble imagen (1:43 min.) ; Sucesos (3:43 min.) ; Canci&#xF3;n para los dos (0:51 min.) / Rafael Alcides ; A prop&#xF3;sito de Apolo y de las ratas (2:00 min.) ; Poeta despu&#xE9;s de todo (2:06 min.) ; El coleccionista (1:50 min.) ; Marimo&#xF1;a (1:16 min.) ; Relaciones de pareja (2:58 min.) ; Puntos de partida (0:48 min.) ; La Traviata (1:53 min.)</subfield>
  </datafield>
  <datafield tag="650" ind1=" " ind2=" ">
    <subfield code="a">Interpretaci&#xF3;n oral de poes&#xED;a</subfield>
    <subfield code="x">Compact disc Poes&#xED;a argentina </subfield>
  </datafield>
  <datafield tag="650" ind1=" " ind2=" ">
    <subfield code="a">Compact disc Poes&#xED;a espa&#xF1;ola </subfield>
    <subfield code="x">Compact disc Poes&#xED;a hondure&#xF1;a </subfield>
  </datafield>
  <datafield tag="650" ind1=" " ind2=" ">
    <subfield code="a">Compact disc Poes&#xED;a uruguaya </subfield>
    <subfield code="x">Compact disc</subfield>
  </datafield>
  <datafield tag="700" ind1=" " ind2=" ">
    <subfield code="a">Carranza, Mar&#xED;a Mercedes,   </subfield>
    <subfield code="d">1945-2003.</subfield>
  </datafield>
  <datafield tag="700" ind1=" " ind2=" ">
    <subfield code="a">Canfield, Martha L, </subfield>
    <subfield code="d">1949-  </subfield>
  </datafield>
  <datafield tag="700" ind1=" " ind2=" ">
    <subfield code="a">Strepone, Blanca.  </subfield>
  </datafield>
  <datafield tag="700" ind1=" " ind2=" ">
    <subfield code="a">Quesada, Jos&#xE9; Luis, </subfield>
    <subfield code="d">1948-  </subfield>
  </datafield>
  <datafield tag="700" ind1=" " ind2=" ">
    <subfield code="a">Alcides, Rafael, </subfield>
    <subfield code="d">1933-.  </subfield>
  </datafield>
  <datafield tag="700" ind1=" " ind2=" ">
    <subfield code="a">Achugar, Hugo, </subfield>
    <subfield code="d">1944- </subfield>
  </datafield>
  <datafield tag="942" ind1=" " ind2=" ">
    <subfield code="2">ddc</subfield>
    <subfield code="c">CDROM</subfield>
  </datafield>
  <datafield tag="999" ind1=" " ind2=" ">
    <subfield code="c">15214</subfield>
    <subfield code="d">15214</subfield>
  </datafield>
  <datafield tag="952" ind1=" " ind2=" ">
    <subfield code="0">0</subfield>
    <subfield code="1">0</subfield>
    <subfield code="2">ddc</subfield>
    <subfield code="4">0</subfield>
    <subfield code="5">1</subfield>
    <subfield code="7">0</subfield>
    <subfield code="8">MUL</subfield>
    <subfield code="a">BPMOS</subfield>
    <subfield code="b">BPMOS</subfield>
    <subfield code="d">2023-10-17</subfield>
    <subfield code="e">Dotaci&#xF3;n Biblioteca 2023</subfield>
    <subfield code="l">0</subfield>
    <subfield code="o">860.326 T14l</subfield>
    <subfield code="p">MOS503405</subfield>
    <subfield code="r">2023-10-17</subfield>
    <subfield code="t">Ej. 1</subfield>
    <subfield code="w">2023-10-17</subfield>
    <subfield code="y">CDROM</subfield>
    <subfield code="z">Tres d&#xED;as</subfield>
  </datafield>
</record>
